000 00652 a2200229 4500
001 41993
005 20260407155711.0
008 260407a1996 arg spa d
003 AR-UNSa-BCEJYS
040 _aAR-UNSa-BCEJYS
_bspa
_cAR-UNSa-BCEJYS
080 _a330
_xEconomía en general
245 1 0 _aQué es la economía
020 _a950-537-055-5
250 _a20a. ed.
264 1 _aBuenos Aires :
_bEdiciones Macchi
_c1996
300 _a85 p.
_c17 cm.
505 _a1. La economía como realidad - 2. La economía como ciencia
041 _aspa
942 _cBK
590 _aniveau_biblio:m niveau_hierar:0
100 1 _aValsecchi, Francisco
999 _c3558
_d3558